000 01583nam0a22003011 4500
001 RU\NLR\INFOCOMM_116\5000052255
005 20260406043409.0
035 _a(NLR Aleph) 009047964
090 _a13288082
_c13288082
100 _a20080828d1952 |||y0rusy50 ca
101 1 _ahun
_crus
102 _aUA
105 _ay z 000zy
200 1 _aJ. V. Sztálin "Marxizmus és a nyelvtudomány kérdései", című műve és kiváló szerepe a társadalomtudományok fejlődésében
_e[Oroszból fordította]
_fG. F. Alekszandrov, akad.
210 _aUzshorod
_cKárpátontúli könyv- és folyóiratkiadó
_d1952
215 _a36 с.
_d19 см
300 _aНа послед. с.: Труд И. В. Сталина "Марксизм и вопросы языкознания" и его выдающаяся роль в развитии общественных наук / Г. Ф. Александров
500 1 0 _aMarxizmus és a nyelvtudomány kérdései
517 1 _aТруд И. В. Сталина "Марксизм и вопросы языкознания" и его выдающаяся роль в развитии общественных наук
686 _aМл
_2rubbk
700 1 _4220
_7ba
_8rus
_aAleksandrov
_bG. F.
_cфилософ, госуд. деятель
_f1908-1961
_gGeorgij Fёdorovič
_9252120
_3RU\NLR\AUTH\770252176
702 1 _4570
_8rus
_7ba
_aStalin
_bI. V.
_f1879-1953
_gIosif Vissarionovič
_3RU\NLR\AUTH\773465
_9113461
801 1 _aRU
_bNLR
_c20080828
801 0 _aRU
_bNLR
_gPSBO
852 _aNLR
_jМ21 Г-4/187
942 _cBOOK
980 _aNB